Datum a čas kvízu
37.5
Celkem bodů
Celkový počet nahraných bodů na tomto kvízu bez doplňovacích otázek.
2.
Pořadí na kvízu
Konečné umístění týmu na tomto kvízu.
Zaznamenané odpovědi
| # | Otázka | Odpověď | Body | Výsledky |
|---|---|---|---|---|
| 1. | Že vánoční punk není mrtvý, má... | Bruntál | 0 | |
| 2. | Jeden ze členů britské královs... | princ Andrew | 1 | |
| 3. | Festival Anifilm se po 18 lete... | Liberec | 1 | |
| 4. | V Brně otevřel hned dvě provoz... | Domino's (Pizza) | 1 | |
| 5. | Minulý týden vstoupil do Síně... | Václav Nedomanský | 0 | |
| 6. | Toto téma minulý týden zvítězi... | Vídeň, 1996 | 0 | |
| 7. | Nespočet hlášek má na svém kon... | Thierry Henry | 1 | |
| 8. | Televize Nova a sportovní přen... | Václav Tittelbach, Pavel Poulíček | 1 | |
| 9. | Autorem mnoha legendárních hlá... | Nemecký/Německý | 1 | |
| 10. | Tento finský komentář vítěznéh... | 71 m (uznáváme tedy 68–74) | 1 |